000
00223 a2200097 4500
001
25996
100
_a
Army Material Comn
245
_a
Engineering design handbook 706-132
260
_a
_b
AMC(USA)
_c
090
_c
17591
_d
17591
942
_a
NUST-CAE
_c
M
_c
8437
999
_c
261069
_d
261069